| 000 | 01410nam a2200277 i 4500 | ||
|---|---|---|---|
| 001 | 41248 | ||
| 003 | ES-MaACL | ||
| 005 | 20250805073012.0 | ||
| 007 | t| | ||
| 008 | 030310s1950 sp ||||1| spa d | ||
| 080 | _a821.134.2-16"16" | ||
| 100 | 1 |
_aCarvajal y Robles, Rodrigo de. _935950 |
|
| 245 | 1 | 0 |
_aFiestas de Lima por el nacimiento del Príncipe Baltasar Carlos : _bLima 1632 / _cRodrigo de Carvajal y Robles ; prólogo y edición de Francisco López Estrada. |
| 250 | _a1ª ed. | ||
| 260 |
_aSevilla : _bEscuela de Estudios Hispano-Americanos de Sevilla, _c1950. |
||
| 300 |
_aXXIV, 194 p., [2] p. de lám. ; _c21 cm. |
||
| 490 | 1 |
_aPublicaciones de la Escuela de Estudios Hispano-Americanos de Sevilla ; _v57. Serie 7ª ; _v5 |
|
| 534 |
_pReprod. de: _aFiestas que celebro la ciudad de los Reyes del Piru, al nacimiento del serenissimo Principe don Baltasar Carlos de Austria nuestro señor, _bImpresso en Lima : por Geronymo de Contreras, 1632. |
||
| 600 | 1 | 4 |
_aAustria, Baltasar Carlos de, _cPríncipe de Asturias, _d1629-1646 _9173100 |
| 650 | 4 |
_aFiestas- _zPerú. _9173101 |
|
| 700 | 0 |
_aLópez Estrada, Francisco, _d1918-2010 _973627 |
|
| 710 | 2 |
_aEscuela de Estudios Hispano-Americanos (Sevilla) _9134366 |
|
| 830 | 1 |
_aPublicaciones de la Escuela de Estudios Hispano-Americanos de Sevilla ; _v57. Serie 7ª ; _v5 _9180625 |
|
| 852 |
_aES-MaACL _jD-5869 |
||
| 999 |
_c41248 _d41248 |
||